000
00213nam a22000857a 4500
008
161111b xxu||||| |||| 00| 0 eng d
100
_9
1155
_a
anand.m. r
245
_a
mora
260
_a
new delhi
_b
national book trust
_c
2007
999
_c
3815
_d
3815